Management : (Record no. 16691)

MARC details
000 -LEADER
fixed length control field 00689nam a22002292 4500
001 - CONTROL NUMBER
control field 0000020994
003 - CONTROL NUMBER IDENTIFIER
control field OSt
005 - DATE AND TIME OF LATEST TRANSACTION
control field 20180313144224.0
008 - FIXED-LENGTH DATA ELEMENTS--GENERAL INFORMATION
fixed length control field 120106s xx 000 0 eng d
020 ## - INTERNATIONAL STANDARD BOOK NUMBER
International Standard Book Number 8122433296 :
040 ## - CATALOGING SOURCE
Original cataloging agency KABU
Transcribing agency KABU
050 ## - LIBRARY OF CONGRESS CALL NUMBER
Classification number HD31
Item number .M87 2016 c. 1
100 1# - MAIN ENTRY--PERSONAL NAME
Personal name Murugan, M. Sakthivel
245 10 - TITLE STATEMENT
Title Management :
Remainder of title principles and practices /
Statement of responsibility, etc. M. Sakthivel Murugan
250 ## - EDITION STATEMENT
Edition statement 2nd ed.
260 ## - PUBLICATION, DISTRIBUTION, ETC. (IMPRINT)
Place of publication, distribution, etc. New Delhi :
Name of publisher, distributor, etc. New Age international
Date of publication, distribution, etc. 2016.
300 ## - PHYSICAL DESCRIPTION
Extent xii, 699p.
650 #0 - SUBJECT ADDED ENTRY--TOPICAL TERM
Topical term or geographic name as entry element Management.
908 ## - PUT COMMAND PARAMETER (RLIN)
Put command parameter 120106
942 ## - ADDED ENTRY ELEMENTS (KOHA)
Source of classification or shelving scheme Library of Congress Classification
Koha item type General Collection
Edition 2nd ed.
Classification part HD31
Item part .M87 2016 c. 1
Holdings
Withdrawn status Lost status Source of classification or shelving scheme Not for loan Home library Current library Shelving location Date acquired Cost, normal purchase price Total Checkouts Total Renewals Full call number Barcode Date last seen Date last checked out Copy number Price effective from Koha item type
    Library of Congress Classification   Kabarak, Main Campus Kabarak, Main Campus General Stacks 13/03/2018 720.00 9 2 HD31 .M87 2016 c. 1 34576 02/08/2024 11/06/2024 c. 1 13/03/2018 General Collection
    Library of Congress Classification   Kabarak, Main Campus Kabarak, Main Campus General Stacks 13/03/2018 720.00 8 1 HD31 .M87 2016 c. 2 024390 02/08/2024 09/08/2021 c. 2 13/03/2018 General Collection
    Library of Congress Classification   Kabarak, Main Campus Kabarak, Main Campus General Stacks 13/03/2018 720.00 7 1 HD31 .M87 2016 c. 3 024507 02/08/2024 07/03/2022 c. 3 13/03/2018 General Collection
    Library of Congress Classification   Kabarak, Main Campus Kabarak, Main Campus General Stacks 13/03/2018 720.00 8 2 HD31 .M87 2016 c. 4 024508 02/08/2024 08/03/2022 c. 4 13/03/2018 General Collection
    Library of Congress Classification   Kabarak, Nakuru City Campus Kabarak, Nakuru City Campus General Stacks 13/03/2018 720.00 11 2 HD31 .M87 2016 c. 1 024448 06/03/2023 03/03/2023 c. 1 13/03/2018 General Collection
    Library of Congress Classification   Kabarak, Nakuru City Campus Kabarak, Nakuru City Campus General Stacks 13/03/2018 720.00 8   HD31 .M87 2016 c. 2 024449 24/03/2022 15/03/2022 c. 2 13/03/2018 General Collection
Designed with assistance from East African Informatics Ltd